| 000 | 01258nam a2200289Ia 4500 | ||
|---|---|---|---|
| 999 |
_c5116 _d5116 |
||
| 003 | OSt | ||
| 005 | 20200330161130.0 | ||
| 008 | 191128s2005 ck gr 000 0 spa d | ||
| 020 | _a9586521508 | ||
| 040 |
_aCO-JMCR _cCO-JMCR |
||
| 041 | 0 | _aspa | |
| 082 | 0 | 4 |
_a320.9 / _bB673g _221 |
| 100 | 1 |
_aBorja, Miguel, _eautor _92214 |
|
| 245 | 1 | 0 |
_aEl gobierno en Colombia : _bterritorio y cultura / _cMiguel Borja y Angélica María Nieto ; asesor, Orlando Fals Borda |
| 250 | _aPrimera edición | ||
| 260 |
_aBogotá : _bESAP, _c2005 |
||
| 300 |
_a123 páginas ; _c21 cm. |
||
| 504 | _aBibliografía: 119 -123 | ||
| 505 | 0 | _aGobernabilidad y geopolítica -- Gobernabilidad a la colombiana -- La organización del territorio -- Reflexiones finales | |
| 520 | _aGobernar a Colombia y a otros países, democráticamente ha sido difícil, como se sabe. El presente libro vuelve sobre este sensible asunto, para explicarlo acudiendo a razones culturales e históricas poco consideradas por politólogos. | ||
| 650 | 1 | 4 |
_aPolítica gubernamental _91835 |
| 650 | 1 | 4 |
_aGobernabilidad _92215 |
| 650 | 1 | 4 |
_aOrdenamiento territorial _92216 |
| 700 | 1 |
_aNieto, Angélica María, _eautora _92217 |
|
| 700 | 1 |
_aFals Borda, Orlando, _easesor _92218 |
|
| 942 |
_2ddc _cBK |
||